[Event "South African op"]
[Site "Durban"]
[Date "2017.07.15"]
[Round "2"]
[White "Ohlson, Cecil"]
[Black "Nonyana, Reginald"]
[Result "1-0"]
[WhiteElo "1637"]
[BlackElo "1467"]
[PlyCount "49"]
[EventDate "2017.07.14"]
[EventType "swiss"]
[EventRounds "11"]
[EventCountry "RSA"]
[SourceTitle "EXT 2018"]
[Source "ChessBase"]
[SourceDate "2017.10.13"]
[SourceVersion "1"]
[SourceVersionDate "2017.10.13"]
[SourceQuality "1"]

1. e4 e6 2. d4 d5 3. e5 c5 4. c3 Nc6 5. Nf3 Nge7 6. Bd3 Bd7 7. 0-0 cxd4 8. cxd4 Qb6 9. Nbd2 Nxd4 10. Nxd4 Qxd4 11. Nf3 Qb6 12. Be3 Qd8 13. Bc5 Ng6 14. Bxf8 Nxf8 15. Rc1 Bc6 16. Rc3 Nd7 17. Qc2 g6 18. Qd2 Qc7 19. Re1 d4 20. Rc4 Rd8 21. Qh6 Qb8 22. Qg7 Ke7 23. Rxd4 Bxf3 24. Rxd7+ Rxd7 25. Qf6+ 1-0

[Event "South African op"]
[Site "Durban"]
[Date "2017.07.14"]
[Round "1"]
[White "Nonyana, Reginald"]
[Black "Masiya, Mfundo"]
[Result "0-1"]
[WhiteElo "1467"]
[BlackElo "1806"]
[PlyCount "72"]
[EventDate "2017.07.14"]
[EventType "swiss"]
[EventRounds "11"]
[EventCountry "RSA"]
[SourceTitle "EXT 2018"]
[Source "ChessBase"]
[SourceDate "2017.10.13"]
[SourceVersion "1"]
[SourceVersionDate "2017.10.13"]
[SourceQuality "1"]

1. e4 c5 2. Nf3 d6 3. d4 cxd4 4. Nxd4 Nf6 5. Nc3 a6 6. Bc4 e6 7. Bb3 b5 8. Bg5 Be7 9. Qf3 Qc7 10. e5 Bb7 11. exd6 Bxd6 12. Qe2 Nc6 13. Bxf6 gxf6 14. 0-0-0 Nxd4 15. Rxd4 Be5 16. Rd3 Bxg2 17. Rhd1 Bc6 18. Ne4 a5 19. a3 a4 20. Ba2 b4 21. Bxe6 fxe6 22. Qh5+ Qf7 23. Qxe5 fxe5 24. Nd6+ Ke7 25. Nxf7 Kxf7 26. Rd6 bxa3 27. bxa3 Bd5 28. Re1 Kf6 29. Rg1 Ra7 30. Kd2 Rb8 31. Kd3 e4+ 32. Kd4 Rc8 33. c3 Rc4+ 34. Ke3 Rxc3+ 35. Kf4 Rf3+ 36. Kg4 Rg7+ 0-1